Autoridad política debilitada y presencia ciudadana de rumbo incierto /

Furkejuvvon:
Bibliográfalaš dieđut
Váldodahkki: Cheresky, Isidoro
Materiálatiipa: Texto
Fáttát:
Fáddágilkorat: Lasit fáddágilkoriid
Eai fáddágilkorat, Lasit vuosttaš fáddágilkora!

MARC

LEADER 00000 a a2200000 04500
001 8985
003
040
100 |a Cheresky, Isidoro  
245 |a Autoridad política debilitada y presencia ciudadana de rumbo incierto /  |c Isidoro Cheresky 
500 |a Versión abreviada de un artículo publicado en la revista Nueva Sociedad, junio 2002  
650 |a AUTORIDADES NACIONALES  
650 |a PARTICIPACION POLITICA  
650 |a PARTICIPACION SOCIAL  
650 |a REFORMA POLITICA  
650 |a CAMBIO ECONOMICO  
650 |a DEMOCRATIZACION  
773 |g número 188; páginas 25-35  
999 |c 26059  |d 26059